Development of Oil Prices and Key Determinants Influencing its Development

Vývoj cien ropy, kľúčové determinanty ovplyvňujúce vývoj cien ropy. Cena ropy WTI (New York), cena ropy Brent (Londýn).

Na minha lista:
Detalhes bibliográficos
Autor principal: Horvát, Ján
Formato: Capítulo de Livro
Idioma:inglês
Assuntos:
Tags: Adicionar Tag
Sem tags, seja o primeiro a adicionar uma tag!

MARC

LEADER 00000naa$a2200000$$$4500
001 0212950
005 20240502083533.8
041 0 |a eng 
044 |a CZ 
245 1 0 |a Development of Oil Prices and Key Determinants Influencing its Development  |c Ján Horvát 
520 |a Vývoj cien ropy, kľúčové determinanty ovplyvňujúce vývoj cien ropy. Cena ropy WTI (New York), cena ropy Brent (Londýn). 
610 2 0 |a ropa 
610 2 0 |a ceny 
610 2 0 |a vývoj cenový 
610 2 0 |a financie medzinárodné 
610 2 0 |a politika energetická 
100 1 |a Horvát, Ján